000 00258nam a2200097Ia 4500
005 20251222114410.0
008 251222s1900||||xx |||||||||||||| ||spa||
082 _aDVD0150 /A52/2010
245 0 _aSaint John Baptist de La Salle:El seƱor de La Salle
942 _cDVD
999 _c2005
_d2005